| 000 | 00562nam a22001937a 4500 | ||
|---|---|---|---|
| 005 | 20141124110912.0 | ||
| 010 | _aENG-111291 | ||
| 020 |
_a9788190383479 _c375.00 |
||
| 035 | _aEN-94823 | ||
| 037 | _bDBAD/PUB | ||
| 082 | _a526.8 | ||
| 100 | _aTalukder, Suren | ||
| 245 |
_aAn introduction to map projections / _cby Suren Talukder |
||
| 260 |
_aGuwahati _bEBH Publishers _c2008 |
||
| 270 |
_a136, M.L. Nehru Road, Panbazar _bGuwahati _e781001 |
||
| 300 |
_aviii,128p. _c23cm(Hb) |
||
| 500 | _aIncludes index | ||
| 942 |
_2ddc _cEN _mTAL _h526.8 |
||
| 999 |
_c90158 _d90158 |
||